| 000 | 01053cam a2200277 i 4500 | ||
|---|---|---|---|
| 001 | 66712 | ||
| 003 | Mx-PuUPA | ||
| 005 | 20230411135643.0 | ||
| 008 | 140415s1980 mx a gr 000 0 spa d | ||
| 040 |
_aMX-PuUPA _bspa _erda _cMx-PuUPA _dMx-PuUPA |
||
| 041 | 0 | _aspa | |
| 245 | 1 | 0 |
_aDescubrimiento de un busto humano en los ojos de la Virgen de Guadalupe / _cpor Carlos Salinas y Manuel de la Mora. |
| 250 | _aSegunda edición | ||
| 264 | 1 |
_aMéxico : _bEditorial Tradición, _c1980 |
|
| 300 |
_a143 páginas : _bilustraciones ; _c23 cm. |
||
| 336 |
_atexto _2rdacontent _btxt |
||
| 337 |
_asin mediación _2rdamedia _bn |
||
| 338 |
_avolumen _2rdacarrier _bnc |
||
| 500 | _a"Dictámenes médicos, carta a S.S. Paulo VI, Carta a las altas autoridades eclesiásticas de México". --Portada. | ||
| 650 | 7 |
_aVirgen de Guadalupe _xApariciones y milagros |
|
| 700 | 1 |
_aSalinas, Carlos, _eautor _9366 |
|
| 700 | 1 |
_aMora, Manuel de la, _eautor _9367 |
|
| 942 |
_h232.917 _iD445 _cLI _2ddc |
||
| 999 |
_c66712 _d66712 |
||